000
00287nam a22001337a 4500
008
170405b xxu||||| |||| 00| 0 eng d
020
_a
9780073036038
041
_a
eng
080
_2
6 ED
_a
574
100
_a
9
101
_a
SHM
245
_a
WORLDS OCEAN
_c
DUXBURY.A.C
942
_2
udc
_c
BK
999
_c
9710
_d
9710